The boy and the parrot

Bibliographic Details
Main Author: Khadijah Hashim
Corporate Author: Title
Format: Book
Published: Selangor : Cerdik Publications , 2004
Series:The best story ever told about...
Subjects:

MARC

LEADER 00000cam a2200000 7i4500
001 0000004881
005 20151222.0
008 070731
020 |a 9838523909 
090 0 0 |a JF   |b ENG (6041) 
100 0 |a Khadijah Hashim 
245 1 4 |a The boy and the parrot   |c Khadijah Hashim 
260 |a Selangor :   |b Cerdik Publications ,   |c 2004 
440 0 |a The best story ever told about... 
500 |a Children ages 7-9 years old (orange) 
650 0 |a Children's stories, English 
650 0 |a English fiction 
710 0 |a Title 
999 |a 0000974928   |b Book   |c Children Collection   |e Cawangan Taman Universiti